[Event "St Jean op-A"]
[White "Berube, Antoine"]
[Black "Plante, Hendrick"]
[Site "St Jean sur Richelieu"]
[Round "3"]
[Result "1-0"]
[Date "2005.06.25"]
[WhiteElo "2169"]
[BlackElo "1920"]
[PlyCount "39"]
[EventDate "2005.06.??"]
[EventType "swiss"]
[EventRounds "5"]
[EventCountry "CAN"]
[SourceTitle "EXT 2007"]
[Source "ChessBase"]
[SourceDate "2006.11.23"]
[SourceVersion "1"]
[SourceVersionDate "2006.11.23"]
[SourceQuality "1"]

1. e4 c5 2. Nf3 Nc6 3. d4 cxd4 4. Nxd4 e5 5. Nb5 a6 6. Nd6+ Bxd6 7. Qxd6 Qe7 8. Qd1 Nf6 9. Nc3 h6 10. Bc4 b5 11. Nd5 Nxd5 12. Bxd5 Bb7 13. 0-0 g5 14. c3 Nd8 15. Be3 Bxd5 16. Qxd5 Nc6 17. Rfd1 Qe6 18. Qc5 Rb8 19. Rd6 Qc4 20. Rxc6 1-0

[Event "Quebec Montcalm op 1st"]
[White "Audet Bouchard, Nicolas"]
[Black "Plante, Hendrick"]
[Site "Quebec"]
[Round "3"]
[Result "1-0"]
[Date "2003.09.25"]
[WhiteElo "2176"]
[BlackElo "1738"]
[PlyCount "87"]
[EventDate "2003.09.??"]
[EventType "swiss"]
[EventRounds "5"]
[EventCountry "CAN"]
[SourceTitle "EXT 2006"]
[Source "ChessBase"]
[SourceDate "2005.11.24"]
[SourceVersion "1"]
[SourceVersionDate "2005.11.24"]
[SourceQuality "1"]

1. e4 c5 2. Nf3 d6 3. d4 cxd4 4. Nxd4 Nf6 5. Nc3 e5 6. Nb3 Be6 7. Bg5 Be7 8. Qd2 0-0 9. 0-0-0 Nbd7 10. f3 a6 11. h4 b5 12. g4 Bc4 13. Bxf6 Nxf6 14. g5 Nh5 15. Nd5 Ng3 16. Bxc4 Nxh1 17. Nxe7+ Qxe7 18. Bd5 Ng3 19. Bxa8 Rxa8 20. Qxd6 Ne2+ 21. Kb1 Qxd6 22. Rxd6 Kf8 23. Nc5 a5 24. Nd3 Ke7 25. Rd5 f6 26. Rxb5 Ra7 27. Rd5 Ng1 28. gxf6+ gxf6 29. Ne1 Ne2 30. c4 a4 31. Kc2 Ke6 32. Rd8 Nd4+ 33. Kc3 Rb7 34. Nd3 Rc7 35. Ra8 Nxf3 36. Rxa4 Nxh4 37. b4 Nf3 38. b5 Nd4 39. b6 Rc8 40. b7 Rb8 41. Ra8 Nc6 42. Nb4 Rxb7 43. Nxc6 Rc7 44. Nb4 1-0